Abrégé du dictionnaire grec-francais

Uloženo v:
Podrobná bibliografie
Hlavní autor: Bailly, M. A (Autor)
Médium: Kniha
Jazyk:řečtina
francouzština
Vydáno: París Hachette 1909
Témata:
Tagy: Přidat tag
Žádné tagy, Buďte první, kdo vytvoří štítek k tomuto záznamu!

MARC

LEADER 00000nam a2200000 a 4500
001 UCM9898
003 CL-VaPUC
008 030530e19090000FR |||||||||||||||||gre|d
041 0 7 |a gre  |2 CL-VaPUC 
041 0 7 |a fre  |2 CL-VaPUC 
082 0 4 |a 483.41  |b BAI  |2 21 
100 0 |a Bailly, M. A  |e author  |9 476527 
245 1 0 |a Abrégé du dictionnaire grec-francais 
300 |a 1006 p 
942 |c BK 
945 |d 20030530 00:00:00  |a rbrito 
260 |a París  |b Hachette  |c 1909 
650 7 |a GRIEGO - DICCIONARIOS  |2 CL-VaPUC  |9 476528 
650 7 |a FRANCES - DICCIONARIOS  |2 CL-VaPUC  |9 476529 
650 7 |a GRIEGO/FRANCES - DICCIONARIOS  |2 CL-VaPUC  |9 476530 
583 |a last modification  |c 20030530 00:00:00  |k Rodrigo Vera 
999 |c 303978  |d 303976 
952 |0 0  |1 0  |4 0  |6 483_410000000000000_BAI_1909  |7 0  |8 F  |9 365670  |a BIBTEO  |b BIBTEO  |d 2019-11-21  |i 3909417  |o 483.41 BAI 1909  |p 3909417  |r 2025-01-17  |w 2019-11-21  |y BK_F  |k ICR